Регионална библиотека "Любен Каравелов" - Русе

Гражданско право (Запис номер 29574)

MARC детайли
000 -Лидер
Контролно поле с фиксирана дължина 01110nam a2200337 c 4500
003 - Код на организацията, давaща контролен номер
Контролно поле BLK
005 - Дата и час на последна редакция
Контролно поле 20240528153339.0
008 - Елементи от данни с фиксирана дължина
fixed length control field 180407b bul|||||r ||||||| ||bul||
010 ## - Наследен системен номер
LC control number KNG00032194000
020 ## - Международен стандартен номер на книга ISBN
Международен стандартен номер на книга ISBN 954-8971-28-3
-- издат.: Ромина
040 ## - Източник на каталожния запис
Идентификатор на билиотеката - собственик на записа BLK
041 ## - Код за език
Код за езика на текст/звукозапис или на отделно заглавие Български
Код за езика КДБФ Български
080 ## - УДК
Текстов определител УДК Обща част
УДК код - определител по УДК 347.1
УДК определител (075.8)
УДК - код + определител 347.1(075.8)
100 1# - Редна дума - Автор
Автор Василев, Любен
Авторска отговорност първи автор
R(LIN) 270361
139 ## - Редно поле
Редна дума Василев, Любен
Авторски знак Васи - В 24
245 10 - Сведения за заглавието
Заглавие Гражданско право
Подзаглавни данни Обща част
Редно поле (дума) Любен Василев; ред. Чудомир Големинов.
250 ## - Област на изданието
Сведения за изданието 2. изд.
257 ## - Страна на издаване
Страна на създаване/издаване България
260 ## - Област на издателските данни
-- София
Име на издателя, разпространителя и проч. Ромина
Година на издаване 2000
300 ## - Физическа характеристика
Страници 512 с.
Размери/Мащаб 20 см
380 ## - Жанр
Жанр Обществени науки
650 #4 - Допълнително описание по предмет – тема
Основно описание – тема или топоним Гражданско право - България
9 (RLIN) 248272
653 ## - Ключова дума – ненормативна
Ключова дума право
700 1# - Други автори (авторска отговорност)
Лично име Големинов, Чудомир
9 (RLIN) 363892
852 ## - Местоположение
Форматна сигнатура Цб 204944
856 4# - Електронен адрес и достъп
Електронен формат pdf - файл
Път до файла /url/
856 4# - Електронен адрес и достъп
Електронен формат pdf - файл
Път до файла /url/
942 ## - АРТИКУЛИ
Вид на библиотечния материал Книги
Скрит в OPAC Не
Koha issues (borrowed), all copies 2
944 ## - СЪЗДАВАНЕ И РЕДАКЦИЯ на ЗАПИСА
Създаване/Редакция Създаване
Дата на регистрацията/редакция 15.01.2003
Служител, извършил регистрацията/редакцията 30545
Статус, дата на статуса Нора Радева
944 ## - СЪЗДАВАНЕ И РЕДАКЦИЯ на ЗАПИСА
Създаване/Редакция Редакция
Дата на регистрацията/редакция 04.01.2013
Служител, извършил регистрацията/редакцията
999 ## - СИСТЕМНИ КОНТРОЛНИ НОМЕРА
Koha biblionumber 29574
Koha biblioitemnumber 29574
Наличности
Код за отписване Код за изгубен артикул Източник на класификационната схема Код за повреда Коз за рестрикции Код за отдаване Артикулен № Име на библиотеката - собственик Име на библиотеката, в която се намира в момента Статус (Текущо местоположение) Дата на вписване в системата Местоположение - отдел Цена в лева Инвентарен номер Систематично азбучна сигнатура Баркод Номер на екземпляра Цена в евро Служебна бележка Служебен тип на артикула
  Не е изгубен Universal Decimal Classification Не е повреден без рестрикции ползва се в читалня 47469 Регионална библиотека "Любен Каравелов" Русе Регионална библиотека "Любен Каравелов" Русе Читалня 2001-01-01 Читалня 12.00 655764 Ч 347/В 24 120000655764 1 6.14 Дата инв: 14.03.2017 Бележки инв: Ч2017 Книги
Изтеглен Не е изгубен Universal Decimal Classification Не е повреден без рестрикции заемане за дома 47470 Регионална библиотека "Любен Каравелов" Русе Регионална библиотека "Любен Каравелов" Русе Заемна - подръчен фонд 2001-01-01 Заемна - подръчен фонд 12.00 658374 П 347/В 24 658374 2 6.14   Книги
  Не е изгубен Universal Decimal Classification Не е повреден без рестрикции ползва се в читалня 47471 Регионална библиотека "Любен Каравелов" Русе Регионална библиотека "Любен Каравелов" Русе Хранилище 2001-01-01 Хранилище 12.00 659612 Цб 204944 120000659612 3 6.14   Книги
Vip Innovations Ltd, Rousse, Bulgaria 2025